Theories of democracy : (Record no. 12974)

MARC details
000 -BAŞLIK
Sabit Uzunlukta Kontrol Alanı 00706nam a22002417a 4500
999 ## - SİSTEM KONTROL NUMARALARI (KOHA)
Koha Biblionumber 12974
Koha Biblioitemnumber 12974
003 - KONTROL NUMARASI IDENTIFIER
Denetim Alanı MIRAKIL
005 - SON İŞLEM TARİHİ VE ZAMANI
Denetim Alanı 20211214000611.0
008 - SABİT-BOY VERİ ELEMANLARI - GENEL BİLGİLER
Sabit Uzunlukta Kontrol Alanı 190318b tu ||||| |||| 00| 0 tur d
020 ## - ULUSLARARASI STANDART KİTAP NUMARASI
Uluslararası Standart Kitap Numarası 0415228794
040 ## - KATALOGLAMA KAYNAK
Orijinal Kataloglama Ajansı TR-AnCHP
Metne Dönüştürmek Ajansı TR-AnCHP
041 ## - DİL KODU
Metin / Ses Parça Veya Ayrı Başlığın Dil Kodu eng
082 ## - DEWEY ONLU SINIFLANDIRMA NUMARASI
Sınıflandırma Numarası 321.8
Ürün Numarası C85t 2002
100 ## - ANA GİRİŞ - KİŞİSEL İSİM
Kişisel Ad Cunningham, Frank
245 10 - BAŞLIK TABLOSU
Başlık Theories of democracy :
Başlığın Kalan a critical introduction /
Sorumluluk Tablosu, Vb Frank Cunningham.
246 ## - UNVAN FORM VARYING
Başlık Doğru / Kısa Başlığı a critical introduction
260 ## - YAYIN, DAĞITIM, VB
Yayın, Dağıtım, Vb Yeri Londra:
Yayıncı, Dağıtıcı, Vs Adı Routledge;
Yayın, Dağıtım, Vb Tarihi 2002.
300 ## - FİZİKSEL TANIM
Kapsam vii, 248 s.:
Diğer Fiziksel Ayrıntıları grf.;
Boyutlar 23 sm.
504 ## - KAYNAKÇA VB NOT
Kaynakça Vb Notu Kaynakça ve dizin vardır.
650 #0 - KONU KATMA GİRİŞ - TOPİKAL DÖNEM
9 (RLIN) 7
Topikal Süreli Veya Coğrafi Ad Giriş Elemanı Demokrasi
650 #0 - KONU KATMA GİRİŞ - TOPİKAL DÖNEM
Topikal Süreli Veya Coğrafi Ad Giriş Elemanı Siyaset ve yönetim
Genel Alt Bölümü Türkiye
9 (RLIN) 9
740 ## - KATMA GİRİŞ - KONTROLSUZ İLGİLİ / ANALİTİK BAŞLIK
Kontrol Edilmeyen / İlgili Analitik Başlıktaki a critical introduction
942 ## - EKLENDİ GİRİŞ ELEMANLARI (KOHA)
Sınıflandırma Veya Raf Düzeni Kaynak Dewey Decimal Classification
Koha Öğesi Türü Books
Holdings
Kalıcı Konum Mevcut Konum Edinme Tarihi Toplam Check-Out'Lar Tam Çağrı Numarası Barkod Tarih Son Görülme İtibaren Geçerli Fiyatlar Sigara Kamu Notu Koha Öğesi Türü
CHP Kütüphanesi CHP Kütüphanesi 03/18/2019   321.8 C85t 2002 019034 03/18/2019 03/18/2019 Ertuğrul Çepni bağışıdır. Books